Chemické kontrolné metódy : pre 4. ročník SPŠ študijnéhop odboru spracovanie múky /

Main Author: Skoupil, Jan
Other Authors: Lecjaksová, Zdeňka
Language: Slovak
Published: Bratislava : Alfa, 1988
Edition: 1. vyd.
Series: Edícia potravinárskej literatúry (Alfa)
Physical Description: 404 s.
Book
Saved in:
LEADER 00818nam a22002292a 4500
001 000221172
003 CZ BrMZK
005 20110131124710.0
008 970103s1988 xo f slo d
040 |a BOA001  |b cze 
080 |a 664.64.01(075.8)  |2 MRF 
100 1 |a Skoupil, Jan  |7 jk01111596 
245 1 0 |a Chemické kontrolné metódy :  |b pre 4. ročník SPŠ študijnéhop odboru spracovanie múky /  |c Jan Skoupil, Zdeňka Lecjaksová 
250 |a 1. vyd. 
260 |a Bratislava :  |b Alfa,  |c 1988 
300 |a 404 s. 
490 1 |a Edícia potravinárskej literatúry 
700 1 |a Lecjaksová, Zdeňka  |7 mzk2011622345 
830 0 |a Edícia potravinárskej literatúry (Alfa) 
910 |a BOA001  |b TK-0238.631 
990 |a BK 
996 7 |b 2629995906  |c TK-0238.631  |l MZK  |r Sklad / do 24 hodin  |n 4  |w 000221172  |u 000010  |a 1  |e BOA001  |j MZK50  |s A